• 首页
  • 本馆介绍
  • 公告通知
  • 最新文献
  • 馆藏检索
  • 电子资源
  • 读者导购
  • 参考咨询
  • 我的图书馆
  • 登录
  • 详细信息显示
  • 放入我的书架
  • 预约/预借图书
  • 作者相关作品
  • 分类相关作品
  • 丛书相关作品
  • 出版社相关作品

书目信息

  • 表格格式
  • 工作单格式
  • 卡片格式
题名:
郭墟中篇小说集
    
 
作者: 郭墟 著
分册:  
出版信息: 上海   少年儿童出版社  1982
页数: 220页
开本: 19cm
丛书名:
单 册:
中图分类: I286.4
科图分类:
主题词: 中篇小说-儿童文学--中国--现代--选集 , 小说--美国--近代 , 儿童文学--中国--丛书 , 儿童文学--中国 , 儿童文学-中篇小说--中国--现代--选集
电子资源:
ISBN:
000 00787nam0 2200277 45
001 0182002813
005 20060809093006.21
010    @dCNY0.45
091    @aR10024.3984
100    @a19950224d1982 demy0chiy0121 ea
101 0  @achi
102    @aCN@b310000
105    @af z 000ay
200 10 @a郭墟中篇小说集@Aguo xu zhong pian xiao shuo ji@f郭墟著
210    @a上海@c少年儿童出版社@d1982
215    @a220页@c图@d19cm
606    @a中篇小说-儿童文学@y中国@z现代@x选集
606    @a小说@y美国@z近代
606 0  @a儿童文学@x中国@x丛书
606 0  @a儿童文学@x中国
606    @a儿童文学-中篇小说@y中国@z现代@x选集
690    @aI286.4@v3
701  0 @a郭墟@Aguo xu@4著
801  0 @aCN@b上海图书馆@c20060809
801  2 @aCN@bNLC@c20060727
905    @f4@b77232-235@dI286.4@e39
    
    郭墟中篇小说集/郭墟著.-上海:少年儿童出版社,1982
    220页:图;19cm
    
    
    ISBN :CNY0.45
    
●
相关链接 在E读中查询图书 在五车中查询图书 在当当中查询图书 在豆瓣中查询图书


正题名:郭墟中篇小说集     索取号:I286.4/39         预约/预借

序号 登录号 条形码 馆藏地/架位号 状态 备注
1 0077232   000891690   第二借阅区/ [索取号:I286.4/39] 在馆    
2 0077233   000891707   第二借阅区/ [索取号:I286.4/39] 在馆    
3 0077234   000891752   第二借阅区/ [索取号:I286.4/39] 在馆    
4 0077235   000891743   第二借阅区/ [索取号:I286.4/39] 在馆    
5 0428363   204283630   密集书库/ [索取号:I286.4/39] 在馆    
6 0450566   204505669   密集书库/ [索取号:I286.4/39] 在馆    
唐山师范学院图书馆 欢迎您!
大连网信软件有限公司© 版权所有